<?xml version="1.0" encoding="UTF-8"?>
<record
    xmlns:xsi="http://www.w3.org/2001/XMLSchema-instance"
    xsi:schemaLocation="http://www.loc.gov/MARC21/slim http://www.loc.gov/standards/marcxml/schema/MARC21slim.xsd"
    xmlns="http://www.loc.gov/MARC21/slim">

  <leader>02883nam0a2200409   4500</leader>
  <controlfield tag="001">RU\NLR\bibl\1754676</controlfield>
  <controlfield tag="005">20250616121708.0</controlfield>
  <datafield tag="010" ind1=" " ind2=" ">
    <subfield code="a">978-5-17-071665-4</subfield>
  </datafield>
  <datafield tag="021" ind1=" " ind2=" ">
    <subfield code="a">RU</subfield>
    <subfield code="b">2011-19069</subfield>
    <subfield code="9">1349</subfield>
  </datafield>
  <datafield tag="035" ind1=" " ind2=" ">
    <subfield code="a">(nilc)IZD\AST\2007\1074816</subfield>
  </datafield>
  <datafield tag="035" ind1=" " ind2=" ">
    <subfield code="a">(NLR Aleph) 001745517</subfield>
  </datafield>
  <datafield tag="090" ind1=" " ind2=" ">
    <subfield code="a">1486170</subfield>
    <subfield code="c">1486170</subfield>
  </datafield>
  <datafield tag="100" ind1=" " ind2=" ">
    <subfield code="a">20110610d2011    |||y0rusy50      ca</subfield>
  </datafield>
  <datafield tag="101" ind1="1" ind2=" ">
    <subfield code="a">rus</subfield>
    <subfield code="c">eng</subfield>
  </datafield>
  <datafield tag="102" ind1=" " ind2=" ">
    <subfield code="a">RU</subfield>
  </datafield>
  <datafield tag="105" ind1=" " ind2=" ">
    <subfield code="a">y   |||||||||</subfield>
  </datafield>
  <datafield tag="200" ind1="1" ind2=" ">
    <subfield code="a">&#x421;&#x432;&#x435;&#x442;&#x441;&#x43A;&#x438;&#x435; &#x441;&#x43A;&#x430;&#x43D;&#x434;&#x430;&#x43B;&#x44B;</subfield>
    <subfield code="e">[&#x441;&#x431;&#x43E;&#x440;&#x43D;&#x438;&#x43A;</subfield>
    <subfield code="f">&#x43F;&#x435;&#x440; &#x441; &#x430;&#x43D;&#x433;&#x43B;. &#x422;. &#x410;. &#x41E;&#x441;&#x438;&#x43D;&#x43E;&#x439;]</subfield>
  </datafield>
  <datafield tag="210" ind1=" " ind2=" ">
    <subfield code="a">&#x41C;&#x43E;&#x441;&#x43A;&#x432;&#x430;</subfield>
    <subfield code="c">&#x410;&#x421;&#x422;</subfield>
    <subfield code="c">&#x410;&#x441;&#x442;&#x440;&#x435;&#x43B;&#x44C;</subfield>
    <subfield code="a">&#x412;&#x43B;&#x430;&#x434;&#x438;&#x43C;&#x438;&#x440;</subfield>
    <subfield code="c">&#x412;&#x41A;&#x422;</subfield>
    <subfield code="d">2011</subfield>
  </datafield>
  <datafield tag="215" ind1=" " ind2=" ">
    <subfield code="a">316, [1] &#x441;.</subfield>
    <subfield code="d">17</subfield>
  </datafield>
  <datafield tag="225" ind1="1" ind2=" ">
    <subfield code="a">&#x41E;&#x447;&#x430;&#x440;&#x43E;&#x432;&#x430;&#x43D;&#x438;&#x435;</subfield>
  </datafield>
  <datafield tag="225" ind1="1" ind2=" ">
    <subfield code="a">&#x41C;&#x438;&#x43D;&#x438; &#x428;&#x430;&#x440;&#x43C;</subfield>
  </datafield>
  <datafield tag="300" ind1=" " ind2=" ">
    <subfield code="a">&#x41D;&#x430; &#x43E;&#x431;&#x43B;. &#x438; &#x43A;&#x43E;&#x440;&#x435;&#x448;&#x43A;&#x435; &#x430;&#x432;&#x442;.: &#x41A;&#x430;&#x440;&#x435;&#x43D; &#x425;&#x43E;&#x43A;&#x438;&#x43D;&#x441;, &#x421;&#x44E;&#x437;&#x430;&#x43D;&#x43D;&#x430; &#x42D;&#x43D;&#x43E;&#x43A;</subfield>
  </datafield>
  <datafield tag="327" ind1="1" ind2=" ">
    <subfield code="a">&#x421;&#x43E;&#x434;&#x435;&#x440;&#x436;.: &#x418;&#x441;&#x442;&#x438;&#x43D;&#x43D;&#x430;&#x44F; &#x43B;&#x44E;&#x431;&#x43E;&#x432;&#x44C; / &#x421;&#x44E;&#x437;&#x430;&#x43D;&#x43D;&#x430; &#x42D;&#x43D;&#x43E;&#x43A;. &#x414;&#x432;&#x430; &#x441;&#x435;&#x440;&#x434;&#x446;&#x430; /&#x41A;&#x430;&#x440;&#x435;&#x43D; &#x425;&#x43E;&#x43A;&#x438;&#x43D;&#x441;</subfield>
  </datafield>
  <datafield tag="330" ind1=" " ind2=" ">
    <subfield code="a">&#x41E;&#x442; &#x432;&#x441;&#x435;&#x437;&#x43D;&#x430;&#x44E;&#x449;&#x435;&#x439; &#x43B;&#x435;&#x434;&#x438; &#x423;&#x438;&#x441;&#x43B;&#x434;&#x430;&#x443;&#x43D; &#x43D;&#x435; &#x443;&#x43A;&#x440;&#x43E;&#x435;&#x442;&#x441;&#x44F; &#x43D;&#x438; &#x43E;&#x434;&#x43D;&#x430; &#x43B;&#x44E;&#x431;&#x43E;&#x432;&#x43D;&#x430;&#x44F; &#x438;&#x441;&#x442;&#x43E;&#x440;&#x438;&#x44F; &#x432; &#x432;&#x44B;&#x441;&#x448;&#x435;&#x43C; &#x441;&#x432;&#x435;&#x442;&#x435;| &#x42E;&#x43D;&#x430;&#x44F; &#x43A;&#x440;&#x430;&#x441;&#x430;&#x432;&#x438;&#x446;&#x430; &#x441; &#x440;&#x43E;&#x436;&#x434;&#x435;&#x43D;&#x438;&#x44F; &#x43F;&#x43E;&#x43C;&#x43E;&#x43B;&#x432;&#x43B;&#x435;&#x43D;&#x430;, &#x43D;&#x43E; &#x441; &#x431;&#x443;&#x434;&#x443;&#x449;&#x438;&#x43C; &#x441;&#x443;&#x43F;&#x440;&#x443;&#x433;&#x43E;&#x43C; &#x434;&#x43E; &#x441;&#x438;&#x445; &#x43F;&#x43E;&#x440; &#x43D;&#x435; &#x432;&#x441;&#x442;&#x440;&#x435;&#x447;&#x430;&#x43B;&#x430;&#x441;&#x44C;. &#x418; &#x432;&#x43E;&#x442; &#x43E;&#x43D; &#x43F;&#x440;&#x438;&#x43C;&#x447;&#x430;&#x43B;&#x441;&#x44F; &#x432; &#x41B;&#x43E;&#x43D;&#x434;&#x43E;&#x43D;, &#x43F;&#x440;&#x43E;&#x441;&#x43B;&#x44B;&#x448;&#x430;&#x432;, &#x447;&#x442;&#x43E; &#x435;&#x433;&#x43E; &#x43D;&#x430;&#x440;&#x435;&#x447;&#x435;&#x43D;&#x43D;&#x430;&#x44F; &#x43D;&#x430;&#x43F;&#x440;&#x43E;&#x43F;&#x430;&#x43B;&#x443;&#x44E; &#x43A;&#x43E;&#x43A;&#x435;&#x442;&#x43D;&#x438;&#x447;&#x430;&#x435;&#x442; &#x441; &#x432;&#x435;&#x43B;&#x438;&#x43A;&#x43E;&#x441;&#x432;&#x435;&#x442;&#x441;&#x43A;&#x438;&#x43C;&#x438; &#x449;&#x435;&#x433;&#x43E;&#x43B;&#x44F;&#x43C;&#x438;. &#x427;&#x435;&#x43C; &#x437;&#x430;&#x43A;&#x43E;&#x43D;&#x447;&#x438;&#x442;&#x441;&#x44F; &#x438;&#x445; &#x437;&#x43D;&#x430;&#x43A;&#x43E;&#x43C;&#x441;&#x442;&#x432;&#x43E; - &#x441;&#x432;&#x430;&#x434;&#x44C;&#x431;&#x43E;&#x439; &#x438;&#x43B;&#x438; &#x440;&#x430;&#x437;&#x440;&#x44B;&#x432;&#x43E;&#x43C;? &#x41C;&#x43E;&#x43B;&#x43E;&#x434;&#x43E;&#x439; &#x43F;&#x43E;&#x432;&#x435;&#x441;&#x430; &#x43F;&#x440;&#x438;&#x432;&#x44B;&#x43A; &#x432;&#x438;&#x434;&#x435;&#x442;&#x44C; &#x432; &#x43E;&#x431;&#x432;&#x43E;&#x440;&#x43E;&#x436;&#x438;&#x442;&#x435;&#x43B;&#x44C;&#x43D;&#x43E;&#x439; &#x43B;&#x435;&#x434;&#x438; &#x43B;&#x438;&#x448;&#x44C; &#x43F;&#x43E;&#x434;&#x440;&#x443;&#x433;&#x443; &#x441;&#x435;&#x441;&#x442;&#x440;&#x44B;. &#x41D;&#x43E; &#x441;&#x442;&#x43E;&#x438;&#x43B;&#x43E; &#x435;&#x439; &#x432;&#x44B;&#x431;&#x440;&#x430;&#x442;&#x44C; &#x436;&#x435;&#x43D;&#x438;&#x445;&#x430; = &#x43D;&#x435;&#x43B;&#x44C;&#x437;&#x44F; &#x436;&#x435; &#x432;&#x441;&#x44E; &#x436;&#x438;&#x437;&#x43D;&#x44C; &#x43E;&#x441;&#x442;&#x430;&#x432;&#x430;&#x442;&#x44C;&#x441;&#x44F; &#x441;&#x442;&#x430;&#x440;&#x43E;&#x439; &#x434;&#x435;&#x432;&#x43E;&#x439;, - &#x43A;&#x430;&#x43A; &#x43E;&#x43D; &#x43F;&#x43E;&#x43D;&#x438;&#x43C;&#x430;&#x435;&#x442;, &#x447;&#x442;&#x43E; &#x432;&#x441;&#x435;&#x433;&#x434;&#x430; &#x43B;&#x44E;&#x431;&#x438;&#x43B; &#x442;&#x43E;&#x43B;&#x44C;&#x43A;&#x43E; &#x435;&#x435; &#x438; &#x43D;&#x438;&#x43A;&#x43E;&#x433;&#x434;&#x430; &#x43D;&#x438;&#x43A;&#x43E;&#x43C;&#x443; &#x43D;&#x435; &#x43E;&#x442;&#x434;&#x430;&#x441;&#x442;. &#x414;&#x432;&#x435; &#x43F;&#x43E;&#x432;&#x435;&#x441;&#x442;&#x438;. &#x414;&#x432;&#x435; &#x43E;&#x447;&#x430;&#x440;&#x43E;&#x432;&#x430;&#x442;&#x435;&#x43B;&#x44C;&#x43D;&#x44B;&#x435; &#x440;&#x43E;&#x43C;&#x430;&#x43D;&#x442;&#x438;&#x447;&#x435;&#x441;&#x43A;&#x438;&#x435; &#x438;&#x441;&#x442;&#x43E;&#x440;&#x438;&#x438;|</subfield>
  </datafield>
  <datafield tag="464" ind1=" " ind2="0">
    <subfield code="1">2001#$a&#x418;&#x441;&#x442;&#x438;&#x43D;&#x43D;&#x430;&#x44F; &#x43B;&#x44E;&#x431;&#x43E;&#x432;&#x44C;$f&#x421;&#x44E;&#x437;&#x430;&#x43D;&#x43D;&#x430; &#x42D;&#x43D;&#x43E;&#x43A;</subfield>
    <subfield code="1">700#1$a&#x42D;&#x43D;&#x43E;&#x43A;$b&#x421;.$g&#x421;&#x44E;&#x437;&#x430;&#x43D;&#x43D;&#x430;</subfield>
    <subfield code="t">&#x418;&#x441;&#x442;&#x438;&#x43D;&#x43D;&#x430;&#x44F; &#x43B;&#x44E;&#x431;&#x43E;&#x432;&#x44C;</subfield>
    <subfield code="a">&#x42D;&#x43D;&#x43E;&#x43A;, &#x421;&#x44E;&#x437;&#x430;&#x43D;&#x43D;&#x430;</subfield>
  </datafield>
  <datafield tag="464" ind1=" " ind2="0">
    <subfield code="1">2001#$a&#x414;&#x432;&#x430; &#x441;&#x435;&#x440;&#x434;&#x446;&#x430;$f&#x41A;&#x430;&#x440;&#x435;&#x43D; &#x425;&#x43E;&#x43A;&#x438;&#x43D;&#x441;</subfield>
    <subfield code="1">700#1$a&#x425;&#x43E;&#x43A;&#x438;&#x43D;&#x441;$b&#x41A;.$g&#x41A;&#x430;&#x440;&#x435;&#x43D;</subfield>
    <subfield code="t">&#x414;&#x432;&#x430; &#x441;&#x435;&#x440;&#x434;&#x446;&#x430;</subfield>
    <subfield code="a">&#x425;&#x43E;&#x43A;&#x438;&#x43D;&#x441;, &#x41A;&#x430;&#x440;&#x435;&#x43D;</subfield>
  </datafield>
  <datafield tag="686" ind1=" " ind2=" ">
    <subfield code="a">84(7&#x421;&#x43E;&#x435;)</subfield>
    <subfield code="v">LBC/RL</subfield>
    <subfield code="2">rubbk</subfield>
  </datafield>
  <datafield tag="686" ind1=" " ind2=" ">
    <subfield code="a">0661</subfield>
    <subfield code="a">&#x417;&#x430;&#x440;&#x443;&#x431;&#x435;&#x436;&#x43D;&#x430;&#x44F; &#x441;&#x435;&#x43D;&#x442;&#x438;&#x43C;&#x435;&#x43D;&#x442;&#x430;&#x43B;&#x44C;&#x43D;&#x430;&#x44F; &#x43B;&#x438;&#x442;&#x435;&#x440;&#x430;&#x442;&#x443;&#x440;&#x430;</subfield>
    <subfield code="2">TCC-BG</subfield>
  </datafield>
  <datafield tag="686" ind1=" " ind2=" ">
    <subfield code="a">&#x428;6(7&#x421;&#x428;&#x410;)67-440.4&#x44F;43{&#x41B;&#x445;1979-50&#x441;&#x431;}</subfield>
  </datafield>
  <datafield tag="801" ind1=" " ind2="0">
    <subfield code="a">RU</subfield>
    <subfield code="b">&#x41B;&#x418;&#x411;&#x41D;&#x415;&#x422;</subfield>
    <subfield code="c">20110610</subfield>
    <subfield code="g">RCR</subfield>
  </datafield>
  <datafield tag="801" ind1=" " ind2="1">
    <subfield code="a">RU</subfield>
    <subfield code="b">&#x41B;&#x418;&#x411;&#x41D;&#x415;&#x422;</subfield>
    <subfield code="c">20110610</subfield>
  </datafield>
  <datafield tag="801" ind1=" " ind2="2">
    <subfield code="a">RU</subfield>
    <subfield code="b">&#x41D;&#x411;&#x420; &#x41A;&#x430;&#x440;&#x435;&#x43B;&#x438;&#x44F;</subfield>
    <subfield code="c">20110714</subfield>
  </datafield>
  <datafield tag="801" ind1=" " ind2="2">
    <subfield code="a">RU</subfield>
    <subfield code="b">NLR</subfield>
    <subfield code="c">20110405</subfield>
    <subfield code="g">rcr</subfield>
  </datafield>
  <datafield tag="830" ind1=" " ind2=" ">
    <subfield code="a">CODE_OF_LIBNET\000060525</subfield>
  </datafield>
  <datafield tag="942" ind1=" " ind2=" ">
    <subfield code="c">BOOK</subfield>
  </datafield>
  <datafield tag="980" ind1=" " ind2=" ">
    <subfield code="a">NB</subfield>
  </datafield>
  <datafield tag="995" ind1=" " ind2=" ">
    <subfield code="5">2011-04-05</subfield>
    <subfield code="a">ad</subfield>
    <subfield code="b">NLR01</subfield>
    <subfield code="c">NLR01</subfield>
    <subfield code="e">RF8</subfield>
    <subfield code="f">3390620</subfield>
    <subfield code="k">2011-2/1203</subfield>
    <subfield code="o">0</subfield>
    <subfield code="r">BOOK</subfield>
    <subfield code="s">201121203_</subfield>
  </datafield>
  <datafield tag="995" ind1=" " ind2=" ">
    <subfield code="5">2011-04-05</subfield>
    <subfield code="a">ad</subfield>
    <subfield code="b">NLR01</subfield>
    <subfield code="c">NLR01</subfield>
    <subfield code="e">RF8</subfield>
    <subfield code="f">3390621</subfield>
    <subfield code="k">2011-2/1203</subfield>
    <subfield code="o">0</subfield>
    <subfield code="r">BOOK</subfield>
    <subfield code="s">201121203_</subfield>
  </datafield>
</record>
